01060cam a2200241 a 450000500170000000800410001702000150005802000150007304000500008804100080013824500980014624600750024426000480031930000550036744001370042244000480055950400530060765000480066065000370070865000260074570000280077170000190079920170710151602.0160422s1997 ne ao 001 0 eng d a9027236313 a1556195826 aCO-BoUCMbspacSandra PalaciodSandra Palacio0 aeng00aSocial interaction and discourse structures ceditado por Gregory R. Guy ...[y otros autores]12aTowards a social science of languagebPapers in honor of William Labov aÁmsterdam (Holanda)bJohn Benjaminsc1997 axviii, 358 páginasbilustraciones, fotografías0 aAmsterdam studies in the theory and history of linguistic sciencenSerie IVpCurrent issues in linguistic theoryx0304-0763 vV. 1280 aTowards a social science of language vV. 2 aIncluye referencias bibliográficas e índices 7aAnálisis del discurso xAspectos sociales 7aLenguaje y lenguas xVariación 7aSociolingüística 1 aGuy, Gregory R.eeditor1 aLabov, William